Будда унтлагын цагаар 3 (Бичлэгийн дугаар. 895525)

MARC дэлгэрэнгүй
000 -Удирдлага
Ном зүйн бүртгэл тоо буюу кодлох утгыг агуулсан 00973nam a22002417a 4500
008 - ЕРӨНХИЙ МЭДЭЭЛЭЛ-ЭЛЕМЕНТҮҮДИЙН ӨГӨГДЛИЙН УРТ
fixed length control field 240605b mp ||||| |||| 00| 0 mon d
020 ## - ОЛОН УЛСЫН СТАНДАРТ НОМЫН ДУГААР-ISBN
Олон Улсын Стандарт Номын Дугаар 978-9919-516-49-9
035 ## - СИСТЕМИЙН ХЯНАЛТЫН ДУГААР
Системийн хяналтын дугаар 29914
040 ## - ЭХ СУРВАЛЖИЙГ ТОДОРХОЙЛОН БИЧИХ
Анхны каталогийн байгууллага HE0623081
Каталогийн хэл Монгол
Бичлэг хийж нэвтрүүлэх байгууллага MN-UlNLM
Өөрчлүүлэх байгууллага MN-UlNLM
Бичиглэлийн тодорхойлолт rda
041 ## - ХЭЛНИЙ КОД
Текстийн хэлний код/фонограм буюу салангид гарчиг Монгол
042 ## - AUTHENTICATION CODE
Authentication code 70743
084 ## - БУСАД АНГИЛЛЫН ДУГААР
Ангиллын нэр Номын сан номзүйн ангилал
Анги 84(0)-44
Зохиогчийн 3-н тэмдэгт Н.151
100 ## - ЗОХИОГЧИЙН ХЭСЭГ
Зохиогчийн нэр Нагаража Д.
245 #0 - ҮНДСЭН ГАРЧИГ
Гарчиг Будда унтлагын цагаар 3
264 ## - ГАРАЛТЫН МЭДЭЭ
Хэвлэгдсэн газар УБ.
Бүтээгч, хэвлэгч, түгээгч, үйлдвэрлэгчийн нэр Монсудар хэвлэлийн газар
Хэвлэгдсэн он 2017
300 ## - ТООНЫ МЭДЭЭ
Хуудасны тоо 125х.
336 ## - АГУУЛГЫН ТӨРӨЛ
Нөөц rdacontent
Агуулгын төрлийн нөхцөл text
Агуулгын төрлийн код txt
337 ## - MEDIA TYPE
Эх сурвалж rdamedia
Файлын төрөл unmediated
Файлын код n
338 ## - CARRIER TYPE
Source rdacarrier
Carrier type term volume
Carrier type code nc
650 ## - Сэдэв
Сэдэв Энэ номоор дамжуулан та болон таны хүүхэд олон сонирхолтой дүрүүд, нөхцөл байдалтай танилцаж, хайр халамж, өгөөмөр сэтгэл, үнэнч...
942 ## - ЭЛЕМЕНТИЙН ТӨРӨЛ
Анги Номын сан номзүйн ангилал
Төрөл Ном
Захиалгууд
Буцаан татагдсан төлөв Хасагдсан шалтгаан Гэмтсэн төлөв Данс заагч Захиалах боломжгүй Үндсэн номын сан Одоогийн байршил Салбар танхим Салбар танхим Бүртгэсэн огноо Тавиурын заалт Баркод Үнэ Хамгийн сүүлд байсан огноо Нийт уншлаганд гарсан тоо Дансны дугаар Төрөл
          Хэнтий Хэнтий Хэнтий | Хүүхдийн уншлагын танхим Хэнтий | Хүүхдийн уншлагын танхим 2024-06-16 84(0)-44 Н.151 HE06229914-3-1 19900.00 2024-06-16   13719 Ном